The Christian's business : (Record no. 2569)

MARC details
000 -LEADER
fixed length control field 00867nam a2200205 a 4500
003 - CONTROL NUMBER IDENTIFIER
control field PILC
005 - DATE AND TIME OF LATEST TRANSACTION
control field 20241121163611.0
008 - FIXED-LENGTH DATA ELEMENTS--GENERAL INFORMATION
fixed length control field 030104s1964 xx 00 eng d
010 ## - LIBRARY OF CONGRESS CONTROL NUMBER
LC control number Acc#6508
040 ## - CATALOGING SOURCE
Transcribing agency Philippine Baptist Theological Seminary
050 ## - LIBRARY OF CONGRESS CALL NUMBER
Classification number BV 3770
Item number L488 1964
100 10 - MAIN ENTRY--PERSONAL NAME
Personal name Leavell, Roland Q.
245 10 - TITLE STATEMENT
Title The Christian's business :
Remainder of title beimg a witness /
Statement of responsibility, etc. Roland Q. Leavell.
260 0# - PUBLICATION, DISTRIBUTION, ETC (IMPRINT)
Place of publication, distribution, etc. Nashville, TN :
Name of publisher, distributor, etc. Broadman Press,
Date of publication, distribution, etc. c1964.
300 ## - PHYSICAL DESCRIPTION
Extent 128 p. ; 20 cm.
505 ## - FORMATTED CONTENTS NOTE
Formatted contents note Know and Love Your Savior--Believe that Christ Is what People Need Most--Understand Why People Become Christians--Study Those Whom You Would Win--Make a Tactful Approach--Present Christ to the Lost Person--Anticipate Difficulties and Objections--Seek to Secure a Decision
650 ## - SUBJECT ADDED ENTRY--TOPICAL TERM
Topical term or geographic name as entry element WITNESS BEARING (CHRISTIANITY)
650 ## - SUBJECT ADDED ENTRY--TOPICAL TERM
Topical term or geographic name as entry element EVANGELISTIC WORK
942 ## - ADDED ENTRY ELEMENTS (KOHA)
Koha item type Circulation Books
Source of classification or shelving scheme Library of Congress Classification
Holdings
Withdrawn status Lost status Source of classification or shelving scheme Damaged status Not for loan Home library Current library Shelving location Date acquired Cost, normal purchase price Total Checkouts Full call number Barcode Date last seen Price effective from Koha item type
    Dewey Decimal Classification     PBTS Library PBTS Library Circulation Section 01/04/2003 9.00   BV 3770 L488 1964 6508 03/18/2026 04/02/2015 Circulation Books

Philippine Baptist Theological Seminary | 19 Tacay Road, Central Guisad, Baguio City 2600, Philippines